[Event "COL-ch Amateur U1700"]
[Site "Bogota"]
[Date "2018.02.17"]
[Round "4.54"]
[White "Saab, Juan David"]
[Black "Julio Vasquez, Mariana"]
[Result "1-0"]
[WhiteElo "1600"]
[BlackElo "1375"]
[PlyCount "71"]
[EventDate "2018.02.15"]
[EventType "swiss"]
[EventRounds "7"]
[EventCountry "COL"]
[SourceTitle "EXT 2024"]
[Source "ChessBase"]
[SourceDate "2023.10.10"]
[SourceVersion "1"]
[SourceVersionDate "2023.10.10"]
[SourceQuality "1"]

1. d4 Nf6 2. c4 g6 3. Nc3 Bg7 4. e4 d6 5. Nf3 Nbd7 6. Be2 0-0 7. 0-0 Re8 8. h3 e5 9. d5 Nc5 10. Qc2 c6 11. Be3 b5 12. b4 cxd5 13. cxd5 Na4 14. Nxb5 Nb6 15. Nd2 Bd7 16. Rac1 Rc8 17. Qb1 a6 18. Nxd6 Rxc1 19. Rxc1 Re7 20. Bxa6 Bxh3 21. gxh3 Qxd6 22. Bc5 Qd7 23. Bxb6 Qxh3 24. Qd3 Qg4+ 25. Qg3 Qh5 26. Bc5 Rc7 27. d6 Rc6 28. Bb5 Rc8 29. d7 Rb8 30. Be7 Nxd7 31. Bxd7 Rb7 32. Rc8+ Bf8 33. Rxf8+ Kg7 34. Bg4 Qh6 35. Qxe5+ f6 36. Qxf6# 1-0

[Event "COL-ch Amateur U1700"]
[Site "Bogota"]
[Date "2018.02.16"]
[Round "3.52"]
[White "Julio Vasquez, Mariana"]
[Black "Macias Chavarro, Manuela"]
[Result "0-1"]
[WhiteElo "1375"]
[BlackElo "1417"]
[PlyCount "54"]
[EventDate "2018.02.15"]
[EventType "swiss"]
[EventRounds "7"]
[EventCountry "COL"]
[SourceTitle "EXT 2024"]
[Source "ChessBase"]
[SourceDate "2023.10.10"]
[SourceVersion "1"]
[SourceVersionDate "2023.10.10"]
[SourceQuality "1"]

1. e4 e5 2. Nf3 Nc6 3. d4 exd4 4. Nxd4 Bc5 5. Be3 Bb6 6. Bc4 Nf6 7. Nxc6 bxc6 8. Bg5 Bxf2+ 9. Kf1 Qe7 10. Qe2 Bd4 11. c3 Be5 12. Nd2 h6 13. Bh4 g5 14. Bg3 Bxg3 15. hxg3 d5 16. exd5 Qxe2+ 17. Bxe2 cxd5 18. Bb5+ Kd8 19. c4 Rb8 20. Kf2 a6 21. Bc6 Rxb2 22. Rad1 Bg4 23. Rb1 Rxd2+ 24. Ke1 Re2+ 25. Kf1 Ke7 26. cxd5 Kd6 27. Rd1 Ne4 0-1